Normal view
MARC view
Entry Personal Name
001 - CONTROL NUMBER
- control field: 308721
003 - CONTROL NUMBER IDENTIFIER
- control field: DLC
005 - DATE AND TIME OF LATEST TRANSACTION
- control field: 20251120151231.0
008 - FIXED-LENGTH DATA ELEMENTS
- fixed length control field: 211008n| azannabbn |n aaa c
010 ## - LIBRARY OF CONGRESS CONTROL NUMBER
- LC control number: no2021118894
024 7# - OTHER STANDARD IDENTIFIER
- Standard number or code: 0000000503981892
- Source of number or code: isni
035 ## - SYSTEM CONTROL NUMBER
- System control number: (OCoLC)oca14045606
040 ## - CATALOGING SOURCE
- Original cataloging agency: UkCU
- Language of cataloging: eng
- Description conventions: rda
- Transcribing agency: UkCU
- Modifying agency: UkCU
- Modifying agency: MY-SjTCS
046 ## - SPECIAL CODED DATES
- Start period: 20
100 1# - HEADING--PERSONAL NAME
- Personal name: Stansfield, Piers
372 ## - FIELD OF ACTIVITY
- Field of activity: Law
- Source of term: lcsh
374 ## - OCCUPATION
- Occupation: Lawyers
- Source of term: lcsh
375 ## - GENDER
- Gender: male
377 ## - ASSOCIATED LANGUAGE
- Language code: eng
670 ## - SOURCE DATA FOUND
- Source citation: Furst, Stephen. Keating on construction contracts, 2021:
- Information found: title page (Piers Stansfield, QC, LLB (Bristol))